Living British Prime Ministers - Statistics

General Stats
  • This quiz has been taken 29 times
  • The average score is 8 of 9
Answer Stats
Hint Answer % Correct
2024-Present Keir Starmer
100%
2019-2022 Boris Johnson
93%
1997-2007 Tony Blair
93%
2010-2016 David Cameron
89%
2022-2022 Liz Truss
86%
2022-2024 Rishi Sunak
86%
2007-2010 Gordon Brown
82%
2016-2019 Theresa May
82%
1990-1997 John Major
71%
No matching quizzes found
Score Distribution
Percent of People with Each Score
Percentile by Number Answered
Your Score History
You have not taken this quiz